00897nam a2200241 a 450000100100000000500170001000800410002704000250006808200180009310000320011124500810014326000490022430000270027350000410030065000270034165000370036865000400040565000250044570000370047004900090050795201220051699900170063800002438420240510192657.0110126s1996 mx a r 000 | spa d aDO-SdBNPbspacBNPHU a363.73bA197c1 aAdame Romero, Aurora95000413aContaminación ambiental /cAurora Adame Romero, Daniel A. Salín Pascual. aMéxico, D. F. :bEditorial Trillas,c1996. a65 p. :bil. ;c27 cm. aIncluye referencias bibliográficas 4aContaminación910807 4aContaminación del suelo950005 4aContaminación de las aguas950006 0aMedio ambiente992501 aDaniel A. Salín Pascual950007 aBNRG 001054708MOaGRbGRcCTd2011-01-26iLF1l0o363.73 A197cp24384-10r2020-06-25w2020-06-25y4ZPréstamo en sala c23877d23877